000 00652nam a2200193Ia 4500
003 LDD
008 190117s9999 xx 000 0 und d
020 _a9788126317028
_c₹160
040 _cLDD
041 _ahi
082 _a8B3.6 दॆ6803यॆ-4
100 _aदेवी, आशापूर्णा
245 0 _aये जीवन है
_cआशापूर्णा देवी
260 _aचौथा सस्करण
_bभारतीय ज्ञानपीठ
_c2009
300 _a192पृ.
901 _aAAKAR
904 _aReqst by : J.M. Parakh
942 _2ddc
_cH
999 _c161468
_d161468